000 00716nam a2200181Ia 4500
008 151202s9999||||xx |||||||||||||| ||und||
082 _bPNVM-68565
100 _aलोटलीकर रसिका.
245 _aउमलत्या काश्मीरची उमलती सैर.
260 _b"कोमल प्रकाशन,मुंबई."
260 _c68565
300 _a108
600 _aलोटलीकर रसिका.
630 _aउमलत्या काश्मीरची उमलती सैर.
700 _aलोटलीकर रसिका.
730 _aउमलत्या काश्मीरची उमलती सैर.
942 _cBOOK
999 _c1335075
_d1335072